000 00323nam a2200133Ia 4500
005 20260328101512.0
008 260328s9999||||xx |||||||||||||| ||und||
100 _aDufau, Pierre
245 0 _aNon A L UbUrbanisme /
_cPierre Dufau
260 _bLe Meiller Des Mondes
300 _a223 p.
650 _aURBANISMO
942 _cBK
999 _c9224
_d9224